000 02758nam a2200433 i 4500
001 195663
003 SpMaBN
005 20260216183922.0
007 ta
008 240702s2022 sp a | ||||o000 0 spa
017 _aCC 134-2022
_bOficina Depósito Legal Cáceres
035 _aa7157126
040 _aSpMaBN
_bspa
_cSpMaBN
_erda
_dES-MaACL
080 _a903(460.251 Montehermoso)
080 _a94(460.251 Montehermoso)
245 0 3 _aEl patrimonio etnográfico, arqueológico y religioso de Montehermoso /
_cJosé Antonio Ramos Rubio, Raul Gómez Ferreira, Juan Jesús Sánchez Alcón, Oscar de San Macario Sánchez.
264 1 _aCáceres :
_bDiputación de Cáceres,
_c2022
300 _a371 páginas :
_bilustraciones (blanco y negro y color) ;
_c24 cm
336 _aTexto
_aImagen fija
_2rdacontent
337 _asin mediación
_2rdamedia
338 _avolumen
_2rdacarrier
500 _aPrecede al título: Ayuntamiento Montehermoso
504 _aBibliografía: páxinas 315-321
520 _aEsta obra ha sido investigada y escrita por cuatro investigadores extremeños, José Antonio Ramos, Juan Jesús Sánchez, Raúl Gómez y Óscar de San Mario, que han realizado una importante labor de campo y archivística para dar a conocer el patrimonio etnográfico, artístico y arqueológico de una población que cuenta con un gran número de dólmenes y restos arqueológicos en la dehesa boyal. Y que además de conservar uno de los mejores patrimonios religiosos de la provincia de Cáceres, es famoso por sus talleres artesanales y sus coloridas gorras de mujer que caracterizan sus trajes regionales, cuyo principal y más popular conjunto lo forma la "gorra montehermoseña". El trabajo que presentan los cuatro autores es un compendio de historia, patrimonio cultural y etnográfico, un abanico patrimonial al que se le ha dado merecida fama entre los pueblos y ciudades monumentales de Extremadura.
651 7 _aMontehermoso (Cáceres)
_xRestos arqueológicos
_9237315
651 7 _aMontehermoso (Cáceres)
_xHistoria
_9237316
700 1 _aRamos Rubio, José Antonio,
_d1963-
_eaut
_9174430
700 _aGómez Ferreira, Raúl
_9236629
_eaut
700 _aSánchez Alcón, Juan Jesús
_9237317
_eaut
700 _aSan Macario Sánchez, Óscar de
_9235664
_eaut
852 _aES-MaACL
_bR.153473
_cDEPOJ
_jN-8694
_hDonación: José Antonio Ramos Rubio
_9203857
_xEncuadernación rústica con solapas
903 _aRamos Rubio, José Antonio,
_d1963-
_ednr
_9174430
942 _n0
_cMONOGRAFIA
999 _c195663
_d195663